USP XXII-NF XVII 1990 The United States Pharmacopeia - The National Formulary

Bibliographic Details
Main Author: Borovanský, Alois, 1922-2019 (Author)
Format: Article
Language:Slovak
Czech
Subjects:

MARC

LEADER 00000nab a2200000 a 4500
001 vtls000500836
003 SK-MaSNL
005 20260304084757.0
008 250425c1993 xo 0 slo
015 |a SNBRB19rr/mm-uuuuu 
035 |a CL0500974 
035 |a urn:nbn:sk:snk-ab1ov6 
035 |a (urnnbn)urn:nbn:sk:snk:ar-004t9i 
035 |a (uuid)84b2ff9e-231f-4408-9b4d-c5aaca087406 
040 |a SNKBUCL  |b slo  |c SNKBUCL  |e AACR2 
041 0 |a cze 
044 |a xo  |c SK 
080 |a 615.11(73)  |2 1981 
100 1 |a Borovanský, Alois,  |d 1922-2019  |4 aut  |9 224490 
245 1 0 |a USP XXII-NF XVII 1990  |b The United States Pharmacopeia - The National Formulary  |c A. Borovanský 
650 0 7 |a liekopisy  |2 snkbucl  |9 2522 
651 7 |a Spojené štáty americké  |2 snkbucl  |9 18262 
655 7 |a články z novín a časopisov  |2 snkbucl  |9 267496 
773 0 |t Farmaceutický obzor  |g Roč. 62, č. 11 (1993), s. 533-534 
787 0 8 |i Rec.:  |t USP XII-NF XVII 1990  |d Rockville, 1989 
850 |a Slovenská národná knižnica 
852 |a Slovenská národná knižnica 
954 |a odborná, vedecká literatúra cudzojazyčná (svetová)  |2 lita 
954 |a odborná, vedecká literatúra pôvodná (slovenská)  |2 lita 
958 |a article27 
958 |a OND 
958 |a RK 
958 |a MI 
958 |a US 
958 |a EUIPO 
992 |a RBX 
999 |c 2805113  |d 2807043